BIBLIOTECA

SENCICO

Arquitectura y composición / (Registro nro. 4120)

Detalles MARC
000 -LEADER
fixed length control field 00760nam a22002537a 4500
003 - CONTROL NUMBER IDENTIFIER
control field PE SENCICO BE
005 - DATE AND TIME OF LATEST TRANSACTION
control field 20251020182635.0
008 - FIXED-LENGTH DATA ELEMENTS--GENERAL INFORMATION
fixed length control field 230503b |||||||| |||| 00| 0 eng d
020 ## - INTERNATIONAL STANDARD BOOK NUMBER
International Standard Book Number 978-84-15941-31-6
040 ## - CATALOGING SOURCE
Original cataloging agency PE SENCICO BE
Transcribing agency PE SENCICO BE
041 ## - LANGUAGE CODE
Language code of text/sound track or separate title spa
082 ## - DEWEY DECIMAL CLASSIFICATION NUMBER
Classification number 720.1
Item number G96
100 1# - MAIN ENTRY--PERSONAL NAME
9 (RLIN) 973
Personal name Gutiérrez Mozo, María Elia
Relator term autor
245 1# - TITLE STATEMENT
Title Arquitectura y composición /
Remainder of title María Elia Gutiérrez Mozo
250 ## - EDITION STATEMENT
Edition statement [1a ed.]
260 ## - PUBLICATION, DISTRIBUTION, ETC.
Place of publication, distribution, etc. Alicante :
Name of publisher, distributor, etc. Club Universitario,
Date of publication, distribution, etc. [2013]
300 ## - PHYSICAL DESCRIPTION
Extent 248 p. :
Other physical details il.,
Dimensions 24 cm.
650 14 - SUBJECT ADDED ENTRY--TOPICAL TERM
9 (RLIN) 670
Topical term or geographic name entry element Teoría de la arquitectura
650 24 - SUBJECT ADDED ENTRY--TOPICAL TERM
9 (RLIN) 974
Topical term or geographic name entry element Naturaleza (Estética)
650 24 - SUBJECT ADDED ENTRY--TOPICAL TERM
9 (RLIN) 49
Topical term or geographic name entry element Arquitectura
650 24 - SUBJECT ADDED ENTRY--TOPICAL TERM
9 (RLIN) 975
Topical term or geographic name entry element Composición (Arte)
910 ## - USER-OPTION DATA (OCLC)
-- hfp
-- hfp
942 ## - ADDED ENTRY ELEMENTS (KOHA)
Source of classification or shelving scheme Dewey Decimal Classification
Koha item type Libros
Existencias
Fecha de la última vez que lo usaron Número de ingreso o de inventario Pago total Signatura topográfica completa Precio efectivo desde Tipo de documento Estado perdido Sistema de clasificación Estado dañado No es para préstamo Retirado Ubicación permanente Ubicación actual Fecha de adquisición
03/05/2023 15916   720.1/G96 03/05/2023 Libros   Dewey Decimal Classification       Biblioteca Central Lima Biblioteca Central Lima 03/05/2023